00000000nam 2200000za 4500
0019.676580
003CaOODSP
00520250611103636
007cr |||||||||||
008150407|2011||||xxc|||||o    f|0| 0 ger d
040 |aCaOODSP|bfre
043 |an-cn---
0861 |aA15-11509/2011Ger-PDF|zA15-11509/2011D-PDF
1101 |aCanada. |bAgriculture et agroalimentaire Canada.
24510|a[Bleuets canadiens] : |h[ressource électronique]|b[un vrai goût de nature].
250 |a[Édition allemand].
260 |aOttawa - Ontario : |bAgriculture et Agroalimentaire Canada |c[2011].
300 |a2p.
500 |aAussi publié en français sous le titre : Bleuets canadiens : un vrai goût de nature.
546 |aTexte en allemand.
590 |a13-10-Supp|b2013-04-13
69107|aIndustrie agro-alimentaire|2gcpds
77508|tBleuets canadiens : |w(CaOODSP)9.639258
791 |t[Canadian blueberries] : |eeng|w(CaOODSP)9.676579
85640|ahttp://publications.gc.ca|qPDF|s821 Ko|uhttps://publications.gc.ca/collections/collection_2013/aac-aafc/A15-11509-2011-ger.pdf